000
00380nam a2200133Ia 4500
008
100328s9999 xx 000 0 und d
082
_b
38950
100
_a
मंगेशकर गीता
245
_a
स्वप्नझुला
260
_b
प्रिया
630
_a
स्वप्नझुला
730
_a
स्वप्नझुला
942
_c
BOOK
999
_c
528019
_d
528016